000 00218 a2200097 4500
001 127999
040 _cEscola Canadense de Niteroi
100 _aCarle, Eric
245 1 0 _aLittle Learning Library - 04 books
942 _cBK
999 _c127999
_d127999